000 00509nam a2200193Ia 4500
005 20250508151132.0
008 008 250505s9999 xx 000 0 hin d
037 _aReference
040 _aFEDL
_beng
_cFEDL
041 _ahin
_2hin
084 _a491.433, VAR
_qFEDL
100 _aVarma Ramchandra
245 0 _aPrarambhik hindi kosh
250 _a2nd
260 _aBanaras, India
_bHindi-Sahitya-Kutir
300 _a1586p.
942 _cREF
_h491.433, VAR
999 _c1327805
_d1327805